000 00622nam a2200205Ia 4500
003 GCL
008 140319s9999 xx 000 0 ara d
040 _aGCL /
_cGCL
082 0 4 _a658.3
_bم ا
100 1 _aمحمد محمد ابراهيم
245 1 0 _aادارة الافراد رؤية من البيئة المصرية /
_cمحمد محمد ابراهيم
260 _a[S.N] :
_bلا يوجد ،
_c1987
300 _a551 ص
490 _a
650 0 4 _aالادارة
650 0 4 _aتوصيف الوظائف
650 0 4 _aادارة الافراد
650 0 4 _aتقييم الوظائف
942 _2ddc
_cBK
999 _c35210
_d35210